000 01449cam a22003857a 4500
003 CHAP
005 20220329140333.0
008 971013s1976 r 00010 d
010 _a50621
011 _a51593
035 _a55743
040 _cCHAP
090 _aTesis
100 0 0 _aVillezca Becerra, Pedro Antonio.
_9119802
245 0 _aEstudio del efecto de algunos factores alimenticios y climáticos sobre la calidades de la leche producida en la cuenca de Apodaca Santa Rosa, N.L., durante la estación de verano
260 _a(Monterrey, N.L.) :
_bEl autor,
_c1976
300 _a59 h.
502 _aTesis (Ing. Agrónomo Zootecnista) -- ITESM. Div. de Ciencias Agropecuarias y Marítimas
590 _aALEPH
_b10
_c20130110
_lUCH01
_h1325
590 _aBATCH-UPD
_b10
_c20130109
_lUCH01
_h2244
590 _aBATCH-UPD
_b10
_c20130110
_lUCH01
_h0238
590 _aBATCH-UPD
_b10
_c20130110
_lUCH01
_h0903
590 _aBATCH-UPD
_b10
_c20130409
_lUCH01
_h2304
590 _aBATCH-UPD
_b10
_c20130410
_lUCH01
_h1411
590 _aBATCH-UPD
_b10
_c20130914
_lUCH01
_h1516
590 _aCONVERSION
_b10
_c20130109
_lUCH01
_h1327
650 1 4 _aGanado lechero
_xAlimentación.
_945238
650 1 4 _aGanado lechero
_xEfecto del clima.
_945257
650 1 4 _aGanado lechero
_xNuevo León.
_945280
650 1 4 _aLeche
_xAnálisis.
_965359
650 1 4 _aLeche
_xCalidad.
_965362
901 _aBK
942 _cTESIS
949 _bBC
_cTES
_d-122153
_eTS1
_i55743
_si
999 _c50621
_d50621